Absurdalne wersje flag województw - Statystyki

Ogólne statystyki
  • Ten quiz został rozwiązany 5 razy
  • Średni wynik to 8 z 10
Statystyki odpowiedzi
Obrazkowy Hint Odpowiedź % Poprawnych
Orzeł pochodzi z herbu Albanii Dolnośląskie
100%
Zamiast orła jest herb stolicy Polski Mazowieckie
100%
Zamiast gryfa i lwa, są herby dwóch klubów Podkarpackie
100%
Te same barwy, ale jest w tym samym stylu co flaga Seszeli Podlaskie
100%
Mewa zamiast gryfa Pomorskie
100%
Tło jest wypełnione złotem i diamentami Śląskie
100%
Zamiast herbu jest majonez Świętokrzyskie
100%
Teraz flaga jest prostokątna Wielkopolskie
100%
Zamiast herbu jest paprykarz Zachodniopomorskie
100%
Koziołek Matołek, zamiast jelenia. Lubelskie
67%
Flaga ma więcej kolorów Lubuskie
67%
Te same barwy, ale jest w tym samym stylu co flaga Nepalu Warmińsko-mazurskie
67%
Teraz flaga przypomina flagę Cesarstwa Niemieckiego Kujawsko-pomorskie
50%
Żółty pas jest znacznie większy Małopolskie
50%
Ta sama flaga, ale teraz Barcelona leży w tym województwie Łódzkie
33%
Żółty pas jest wypełniony gwiazdami Opolskie
0%
Nie znaleziono quizów pasujących do podanych kryteriów
Rozkład punktacji
Procent ludzi z każdym wynikiem
Percentyl według liczby udzielonych odpowiedzi
Twoja historia wyników
Nie rozwiązałeś tego quizu